Disney villains by last words Quiz Stats

 Plays Quiz not verified by Sporcle

Score 0/42 Timer 10:00
1 Play Today
Hint Answer % Correct
No, l-let me explain! No, you don't understand! No, I didn't mean it! No, no!, I-I'm sorry that I Called You... Oh, no!Scar
93.2%
My lamp! NOOOOOOOOOOOOO!!!!!!!!Jafar
93.2%
So much for true loveUrsula
91.7%
Now shall you deal with me, O Prince, and all the powers of Hell!Maleficent
90.4%
Anna?! But she froze your heart!Hans
90.3%
And he shall smite the wicked, and plunge them into the fiery pit!Claude Frollo
89.7%
Go ahead, shoot me. Be a man.Clayton
89.2%
I don't feel too good.I feel a little flushedHades
88.3%
I'll fix ya! I'll crush your bones!Evil Queen
88.3%
Where's your kid now, Sheriff?!!!Lotso
88.3%
SqueakenYzma
88%
You Idiots! Children destroy toys! You'll all be ruined! Forgotten! Spending eternity rotting in some landfill! No! No! NO!!Stinky Pete
87.8%
Let me go! Let me go! Please. don't hurt me! I'll do anything! Anything!Gaston
87.5%
There goes my diamond.Madame Medusa
87.5%
You Idiots! You, you fools! Ah! You imbeciles!Cruella De Vil
86.9%
I hate sunshine! I Hate Horrible Wholesome Sunshine!!!! I Hate... Hate. Hate... Hate... Hate Sunshine!!!!Madam Mim
86.4%
FAGIN!!!Sykes
86.3%
You're going to Timbuktu if it's the last thing I do.Edgar
86%
I got no strings on me.Stromboli
85.8%
This isn't the end of it! I will get your son eventually! I'll get your son! Oh, no...Syndrome
85.5%
I promise I'll pay y'all back. I promise!Dr. Facilier
85.4%
Hint Answer % Correct
Now look what you've done. My bugs. My bugs. My bugs, my bugs, my bugs.Oogie Boogie
85.4%
It looks like you're out of ideasShan Yu
84.7%
I won!Ha Ha Ha!Ratigan
84.3%
Oh! You eel in snake's clothing!Prince John
84.3%
No! You'll not have me!! My power cannot die! Curse you!! No! NO!!The Horned King
84.1%
The toys! The toys are Alive!! Nice dolly...Sid Phillips
84.1%
This is for you, Scar! No. Never.Zira
84%
Untie me at once. I'll have your heads for this!Govenor Ratcliffe
83.5%
I whooped ya! I whooped ya all! Next Time You'll think twice before messing with (name)Percival C. Mcleach
82.4%
Fishy!!!Darla
81.7%
Who cooked the Who cooked the ratatouille?! I demand to know!!?! I demand to know!!Skinner
81.5%
Tired, Mr. Thatch? Well, that's a darn shame, 'cause I'm just getting warmed up!Lyle T Rourke
81.4%
Do say hello to Mr. Arrow.Scroop
80.9%
Enough!, I'm taking that Bird back with me, alive or dead!Charles Muntz
80%
What's wrong with everyone?! Ow! Where's the happiness!? Hey, this is the beginning of the Chick-era!Chick Hicks
79.4%
My time has come to burn. I evoke the ancient power that I may return. Stanley!!Bill Cipher
76.8%
I'm Melting.Whoa Whoa Whoa whoa...Oh NoJudge Doom
76.6%
The Hand of Midas is mine! And Also the life of your Brat. What are you staring at?Sa'luk
76%
It ain't over 'until the fat man sings!Alameda Slim
75.3%
How did the tow truck figure it out?Miles Axelrod
71%
No.Auto
71%

You're not logged in!

Compare scores with friends on all Sporcle quizzes.
OR
Log In

Show Comments

Extras

Top Quizzes Today


Score Distribution

Your Account Isn't Verified!

In order to create a playlist on Sporcle, you need to verify the email address you used during registration. Go to your Sporcle Settings to finish the process.

Report this User

Report this user for behavior that violates our Community Guidelines.

Details: